Facets of coordination chemistry / (Record no. 49784)
[ view plain ]
| 000 -LEADER | |
|---|---|
| fixed length control field | 03170nam a2200349 a 4500 |
| 003 - CONTROL NUMBER IDENTIFIER | |
| control field | WSP |
| 005 - DATE AND TIME OF LATEST TRANSACTION | |
| control field | 20260416153416.0 |
| 008 - FIXED-LENGTH DATA ELEMENTS--GENERAL INFORMATION | |
| fixed length control field | 091123s1993 si ac sb 001 0 eng d |
| 020 ## - INTERNATIONAL STANDARD BOOK NUMBER | |
| International Standard Book Number | 9789812812117 |
| -- | (ebook) |
| 020 ## - INTERNATIONAL STANDARD BOOK NUMBER | |
| Cancelled/invalid ISBN | 9810214383 |
| 082 04 - DEWEY DECIMAL CLASSIFICATION NUMBER | |
| Classification number | 541.2242 |
| Edition number | 22 |
| 245 10 - TITLE STATEMENT | |
| Title | Facets of coordination chemistry / |
| Statement of responsibility, etc | edited by B.V. Agarwala, K.N. Munshi. |
| 260 ## - PUBLICATION, DISTRIBUTION, ETC. (IMPRINT) | |
| Place of publication, distribution, etc | Singapore ; |
| -- | River Edge, N.J. : |
| Name of publisher, distributor, etc | World Scientific Pub. Co., |
| Date of publication, distribution, etc | c1993. |
| 300 ## - PHYSICAL DESCRIPTION | |
| Extent | 1 online resource (xiv, 253 p.) : |
| Other physical details | ill., port. |
| 500 ## - GENERAL NOTE | |
| General note | Articles by the students and colleagues of Arun K. Dey in honor of his 70th birthday. |
| 505 0# - FORMATTED CONTENTS NOTE | |
| Contents | 1. Introduction: coordination chemistry and its multifacets / B.V. Agarwala and K.N. Munshi -- 2. Coordination chemistry of environment / D.F. Marim -- 3. Retrospective studies on metal complexes as synthetic dioxygen carriers of biological interest / F. Basolo -- 4. Heterometal alkoxides: a novel series of stable polymetallic coordination compounds / R.C. Mehrotra -- 5. Solvent effects on the reactions of coordination complexes / A.C. Dash, R.K. Nanda and S. Aditya -- 6. A simple model for fitting properties of binary mixtures / E. Högfeldt -- 7. Donor-acceptor interactions and structural flexibility of coordination-compounds in solution / W. Linert -- 8. NMR spectroscopy of oriented systems: application to weak molecular complexes / C.L. Khetrapal -- 9. Cyclic voltammetry / R.C. Kapoor -- 10. Chelating polymers / C.-Y. Liu and K.L. Cheng -- 11. Optical resolution of metal complexes by column-chromatography / M. Fujita and Y. Yoshikawa -- 12. Correlation between the composition and structure of transition metal complexes and their R[symbol] values obtained by planar chromatography / G. Vuckovic, Z.L. Tesic and M.B. Celap -- 13. Some designs of polyethers for use in membranes of ion-selective electrodes / J.D.R. Thomas -- 14. Copper proteins and their various roles in biological systems / P.K. Bhattacharya -- 15. Urinary stones, diet and folk medicine / A.K. Banerjee, M.H.A. Akhbari Shad and S.K. Roy. |
| 520 ## - SUMMARY, ETC. | |
| Summary, etc | A concise account of coordination chemistry since its inception is given here together with some of the newer significant facets. This book covers a broad spectrum of various topics on Environment, Cyclic Voltammetry, Chromatography, Metal Complexes of biological interest, Alkoxides, NMR spectroscopy and others. These are useful to the scientific community engaged in the field of Inorganic Chemistry and Analytical Chemistry. |
| 650 #0 - SUBJECT ADDED ENTRY--TOPICAL TERM | |
| Topical term or geographic name as entry element | Coordination compounds. |
| 700 1# - ADDED ENTRY--PERSONAL NAME | |
| Personal name | Agarwala, B. V. |
| 700 1# - ADDED ENTRY--PERSONAL NAME | |
| Personal name | Munshi, K. N. |
| 700 1# - ADDED ENTRY--PERSONAL NAME | |
| Personal name | Dey, Arun K., |
| 856 40 - ELECTRONIC LOCATION AND ACCESS | |
| Uniform Resource Identifier | <a href="https://www.worldscientific.com/worldscibooks/10.1142/2062#t=toc">https://www.worldscientific.com/worldscibooks/10.1142/2062#t=toc</a> |
| 942 ## - ADDED ENTRY ELEMENTS (KOHA) | |
| Koha item type | Electronic Books |
| 504 ## - BIBLIOGRAPHY, ETC. NOTE | |
| Bibliography, etc | Includes bibliographical references and index. |
| 533 ## - REPRODUCTION NOTE | |
| Type of reproduction | Electronic reproduction. |
| Place of reproduction | Singapore : |
| Agency responsible for reproduction | World Scientific Publishing Co., |
| Date of reproduction | 1993. |
| Note about reproduction | System requirements: Adobe Acrobat Reader. |
| -- | Mode of access: World Wide Web. |
| 655 #0 - INDEX TERM--GENRE/FORM | |
| Genre/form data or focus term | Electronic books. |
| 700 1# - ADDED ENTRY--PERSONAL NAME | |
| Fuller form of name | (Badri Vishal) |
| 700 1# - ADDED ENTRY--PERSONAL NAME | |
| Fuller form of name | (Kailash Nath) |
| 700 1# - ADDED ENTRY--PERSONAL NAME | |
| Dates associated with a name | 1922- |
| 710 2# - ADDED ENTRY--CORPORATE NAME | |
| Corporate name or jurisdiction name as entry element | World Scientific (Firm) |
| Withdrawn status | Lost status | Source of classification or shelving scheme | Damaged status | Not for loan | Home library | Location | Date of Cataloging | Total Checkouts | Full call number | Barcode | Date last seen | Uniform Resource Identifier | Price effective from | Koha item type |
|---|---|---|---|---|---|---|---|---|---|---|---|---|---|---|
| Dewey Decimal Classification | CUTN Central Library | CUTN Central Library | 16/04/2026 | 541.2242 | EB04957 | 16/04/2026 | https://doi.org/10.1142/2062 | 16/04/2026 | Electronic Books |
